| 000 | 00845nam a2200217Ii 4500 | ||
|---|---|---|---|
| 003 | JO-AjNU | ||
| 008 | 230605s9999||||xx |||||||||||||| ||und|| | ||
| 017 | _a1997/6/710 | ||
| 040 |
_aJO-AjNU _bara _erda _cJO-AjNU |
||
| 041 | _aara | ||
| 050 | 1 | 4 | _aKMM97.A44.U82.1998 |
| 100 | 3 |
_aالعطير ، عبدالقادر حسين , _eauthor _947050 |
|
| 245 | 0 | 0 | _aالوسيط في شرح القانون التجاري : الأوراق التجارية " دراسة مقارنة " |
| 250 | _a(د،ط) | ||
| 264 | 3 | 1 | _aعمان : مكتبة دار الثقافة ، 1998 |
| 300 |
_a642ص _bيشتمل على مراجع ص ( 618 - 623 ) |
||
| 336 |
_atext _btxt _2rdacontent |
||
| 337 |
_aunmediated _bn _2rdamedia |
||
| 338 |
_avolume _bnc _2rdacarrier |
||
| 650 | 4 |
_aالعلوم الاجتماعية -- القانون التجاري _947051 |
|
| 999 |
_aA20512 _c24080 _d24080 |
||